ČSN 49 0111: 1991, Skúšky vlastností rasteného dreva. Metóda zisťovania modulu pružnosti v tlaku pozdĺž vlákien

Bibliographic Details
Main Authors: Beničák, Jozef (Author), Pokorná, Alena (Ing.) (Author), Strapina, Milan (Author), Oltman, Ladislav (Author)
Corporate Author: Štátny drevársky výskumný ústav (Bratislava, Slovensko) (Author)
Format: Book
Language:Slovak
English
PhysicalDescription:8 s. 21 cm
Published: Praha Vydavatelství norem 1992
Subjects:

MARC

LEADER 00000nam a2200000 a 4500
001 vtls011549665
003 SK-MaSNL
005 20260302051732.0
008 160503s1992 xo f u 000 0 slo
015 |a SNBN2016 
020 |c (cen. skup. 4) 
040 |a SNK  |b slo  |c SNK  |e AACR2 
041 0 |a slo  |a eng 
044 |a xr  |c CZ 
046 |a s  |m 19920601 (účin.) 
072 7 |a 674  |x Drevo. Drevársky priemysel  |2 konspekt 
072 7 |a 539  |x Fyzikálna stavba hmoty. Jadrová fyzika. Molekulová fyzika  |2 konspekt 
072 7 |a 620.1/.2  |x Náuka o materiáli  |2 konspekt 
080 |a 674.03:539.42  |2 2001 
080 |a 539.42  |2 2001 
080 |a 674.038.1  |2 2001 
080 |a 620.1  |2 2001 
080 |a 006.86  |2 2001 
080 |a (437.6)  |2 2001 
080 |a (437.3)  |2 2001 
080 |a (083)  |2 2001 
245 0 0 |a ČSN 49 0111: 1991, Skúšky vlastností rasteného dreva. Metóda zisťovania modulu pružnosti v tlaku pozdĺž vlákien 
246 1 0 |a Skúšky vlastností rasteného dreva 
246 1 0 |a Metóda zisťovania modulu pružnosti v tlaku pozdĺž vlákien 
246 3 0 |a STN 49 0111: 1993 
260 |a Praha  |b Vydavatelství norem  |c 1992 
300 |a 8 s.  |c 21 cm 
366 |e 1500 výt. 
500 |a Súbežný názov v angličtine 
500 |a Spracovateľ: Štátny drevársky výskumný ústav, Bratislava, Jozef Beničák, Ladislav Oltman, Milan Strapina ; Pracovník Federálního úřadu pro normalizaci a měření: Alena Pokorná 
500 |a Táto norma nahrádza normu ČSN 49 0111 z 22.4.1960 
500 |a Táto norma je od 1.1.1993 slovenskou technickou normou 
540 |a STN vydané na akomkoľvek nosiči sa môžu rozmnožovať a rozširovať iba so súhlasom určenej právnickej osoby  |b SÚTN Bratislava  |c zákon 264/1999 Z. z. 
650 0 7 |a drevo  |2 SNKPH  |9 3560 
650 0 7 |a vlastnosti dreva  |2 SNKPH  |9 66626 
650 0 7 |a skúšobníctvo  |2 SNKPH  |9 4202 
650 0 7 |a technické normy a štandardy  |z Slovensko  |2 SNKPH  |9 79594 
650 0 7 |a technické normy a štandardy  |z Česko  |2 SNKPH  |9 422391 
650 0 7 |a Wood  |2 SNKPHeng  |9 267054 
650 0 7 |a Wood properties  |2 SNKPHeng  |9 267559 
650 0 7 |a Material testing  |2 SNKPHeng  |9 266886 
655 7 |a normy  |2 SNKPH  |9 70643 
700 1 |a Beničák, Jozef  |4 aut  |9 320544 
700 1 |a Pokorná, Alena  |c (Ing.)  |4 aut  |9 248621 
700 1 |a Strapina, Milan  |4 aut  |9 9413 
700 1 |a Oltman, Ladislav  |4 aut  |9 589035 
710 1 |a Česko.  |b Úřad pro normalizaci a měření  |4 stn  |9 422392 
710 2 |a Štátny drevársky výskumný ústav (Bratislava, Slovensko)  |4 aut  |9 123556 
958 |a OP 
999 |c 1102339  |d 1104269 
952 |a SNK  |b SNK  |y PREZ  |7 0  |p 17A1194681  |o snkSTN 49 0111  |i snk2016/11337  |8 3  |g 2.80  |0 0  |1 0  |4 0  |d 2016-05-03  |l 0  |r 2026-02-24 17:34:56  |w 2026-02-24